Humanities today : (Record no. 12491)

MARC details
000 -LEADER
fixed length control field 00678nam a2200205 4500
003 - CONTROL NUMBER IDENTIFIER
control field URS
005 - DATE AND TIME OF LATEST TRANSACTION
control field 20220114162503.0
008 - FIXED-LENGTH DATA ELEMENTS--GENERAL INFORMATION
fixed length control field 020101b xxu||||| |||| 00| 0 eng d
020 ## - INTERNATIONAL STANDARD BOOK NUMBER
International Standard Book Number 9789719924951
040 ## - CATALOGING SOURCE
Original cataloging agency DML
Description conventions rda
Transcribing agency dml
041 0# - LANGUAGE CODE
Language code of text/sound track or separate title eng
042 ## - AUTHENTICATION CODE
Authentication code DMLUC
050 00 - LIBRARY OF CONGRESS CALL NUMBER
Classification number AZ 183 P5
Item number D67 2012
100 1# - MAIN ENTRY--PERSONAL NAME
Personal name Doria, Kristine Molina,
Relator term author.
245 10 - TITLE STATEMENT
Title Humanities today :
Remainder of title an experiential approach /
Statement of responsibility, etc. Kristine Molina-Doria and Abercio V. Rotor.
300 ## - PHYSICAL DESCRIPTION
Extent 117 pages :
Other physical details illustrations (some color) +
Accompanying material 1 CD-ROM (4 3/4 inches) ;
Dimensions 24 cm
650 #0 - SUBJECT ADDED ENTRY--TOPICAL TERM
Topical term or geographic name entry element Humanities
General subdivision Study and teaching (Higher)
Geographic subdivision Philippines.
700 1# - ADDED ENTRY--PERSONAL NAME
Personal name Rotor, Abercio V.,
Relator term author.
942 ## - ADDED ENTRY ELEMENTS (KOHA)
Source of classification or shelving scheme Dewey Decimal Classification
Koha item type Filipiniana
Holdings
Withdrawn status Source of classification or shelving scheme Damaged status Not for loan Collection code Home library Current library Shelving location Date acquired Source of acquisition Total Checkouts Barcode Date last seen Copy number Price effective from Koha item type
  Dewey Decimal Classification     Fiction Angono College Library Angono College Library On Display 01/01/2002 donation   URSANG-2805 01/01/2002 3 01/01/2002 Filipiniana
  Dewey Decimal Classification     Fiction Angono College Library Angono College Library On Display 01/01/2002 donation   URSANG-2807 01/01/2002 5 01/01/2002 Filipiniana
  Dewey Decimal Classification     Fiction Angono College Library Angono College Library On Display 01/01/2002 donation   URSANG-2803 01/01/2002 1 01/01/2002 Filipiniana
  Dewey Decimal Classification     Fiction Angono College Library Angono College Library On Display 01/01/2002 donation   URSANG-2806 01/01/2002 4 01/01/2002 Filipiniana

University of Rizal System
Email us at univlibservices@urs.edu.ph

Visit our Website www.urs.edu.ph/library